000 00679nam a2200241 a 4500
008
020 _a0706970950 (pbk.)
049 _aMAIN
050 0 0 _aTJ163.9PAN
100 _aPandey, G. N.
245 0 0 _aA textbook on energy systems engineering/
_cG. N. Pandey.
260 _aNew Dehli :
_bVikas Publishing,
_c1994.
300 _axiii, 349 p. :
_bill. ;
_c21 cm.
650 0 _aPower
_xmechanics
650 _aEnergy conservation.
650 _aRenewable resources.
650 _aNon-renewable resources.
907 _a.b10160176
_b20-06-06
_c18-03-05
003
005 20230123133956.0
040 _cNUST
942 _cBOOKS
999 _c157869
_d157869